| 000 | 00630nam a22002177a 4500 | ||
|---|---|---|---|
| 005 | 20170124110120.0 | ||
| 010 | _aB-220743 | ||
| 020 |
_c650.00 _a8189582666 |
||
| 035 | _aB-220743 | ||
| 037 | _bCen Lib/Ret | ||
| 040 |
_aDPL _bEN |
||
| 082 |
_a657.3 _bGAR |
||
| 100 |
_aGarg, Suchi _9102063 |
||
| 245 |
_aFront office management / _cby Suchi Garg |
||
| 260 |
_bAlfa publications _aNew Delhi _c2006 |
||
| 270 |
_bNew Delhi _a4398/5, Ansari road, Daryaganj _e110002 |
||
| 300 |
_a240p. _c21cm(Hb) |
||
| 650 |
_aManagament _9102064 |
||
| 650 |
_aOffice management _919428 |
||
| 942 |
_2ddc _cEN _h651.3 _mGAR |
||
| 999 |
_c130975 _d130975 |
||